000 00563nam a22001697a 4500
999 _c189222
_d189222
005 20220623101912.0
010 _aRohit
020 _a8121932459
_c400.00
037 _bS.Chand & Company PVT.LTD
100 _aChopra, Rajiv
245 _aDatabase Management System(DBMS):[A Practical approach]/
_cRajiv Chopra
_hEnglish
260 _aNew Delhi
_bS.Chand
_c2014
270 _aS.Chand & Company PVT.LTD Ram Nagar, New Delhi
_bNew Delhi
_e110055
300 _axvi,803p.
_bill
_c24cm(Pb)
500 _aAppendix-F Biblography
942 _2ddc
_cEN
_eFourth Edition
_kCHO